000 00543nam a2200181Ia 4500
005 20250326141932.0
008 250326s9999 xx 000 0 und d
037 _aTextbook
040 _aFMSL
_beng
_cFMSL
041 _aeng
_2eng
084 _aX8(M7:3).4453 M8
_qFMSL
100 _aVohra Gautam
245 0 _aWoman in Bihar : Study of their role in tasar silk production
_cVohra Gautam
260 _aNew Delhi
_bNew Delhi, Vikas
_c1988
300 _ax,206
942 _cTB
_hX8(M7:3).4453 M8
999 _c1292683
_d1292683